WAY OUT KICK STARTING CAPITALISM TO SAVE (Record no. 20030)
[ view plain ]
| 000 -LEADER | |
|---|---|
| fixed length control field | 00340nam a2200133Ia 4500 |
| 008 - FIXED-LENGTH DATA ELEMENTS--GENERAL INFORMATION | |
| fixed length control field | 240624s9999 xx 000 0 und d |
| 041 ## - LANGUAGE CODE | |
| Language code of text/sound track or separate title | eng |
| 082 ## - DEWEY DECIMAL CLASSIFICATION NUMBER | |
| Classification number | 823 LOV |
| 100 ## - MAIN ENTRY--PERSONAL NAME | |
| Personal name | LOVINS L HUNTER |
| 245 ## - TITLE STATEMENT | |
| Title | WAY OUT KICK STARTING CAPITALISM TO SAVE |
| 260 ## - PUBLICATION, DISTRIBUTION, ETC. | |
| Date of publication, distribution, etc. | 2012 |
| Place of publication, distribution, etc. | New York |
| Name of publisher, distributor, etc. | Hill and Wang |
| 300 ## - PHYSICAL DESCRIPTION | |
| Extent | 390p. ; 20cm. |
| 365 ## - TRADE PRICE | |
| Currency code | RS |
| Price amount | 25 |
| Withdrawn status | Lost status | Damaged status | Not for loan | Home library | Current library | Shelving location | Date acquired | Source of acquisition | Cost, normal purchase price | Total Checkouts | Full call number | Barcode | Date last seen | Date last checked out | Copy number | Price effective from | Koha item type |
|---|---|---|---|---|---|---|---|---|---|---|---|---|---|---|---|---|---|
| IMTN | IMTN | Rack 39-B | 10/03/2012 | AP | 599.00 | 2 | 823 LOV | 20030 | 02/17/2025 | 02/08/2025 | 1 | 06/24/2024 | Books |